| 000 | 00682cam a22002291 4500 | ||
|---|---|---|---|
| 001 | sa 64001557 | ||
| 003 | DLC | ||
| 005 | 20260227112003.0 | ||
| 008 | 830210s1963 ii 000 0 eng | ||
| 010 | _asa 64001557 | ||
| 025 | _aPL480: I-E-2639 | ||
| 035 | _a(OCoLC)9211398 | ||
| 040 |
_aDLC _cICarbS _dDLC |
||
| 042 | _apremarc | ||
| 050 | 0 | 0 |
_aPK2903 _b.G59 1963 |
| 100 | 1 | _aGopālaiyaṅgāra, Ve. | |
| 245 | 1 | 2 | _aA concise history of classical Sanskrit literature. |
| 250 | _a[3d ed., rev. | ||
| 260 |
_aKumbakonam, India, _bPrinted at Jemini Print. House] _c1963. |
||
| 300 |
_aviii, 263, 7 p. _btable. _c18 cm. |
||
| 650 | 0 |
_aSanskrit literature _xHistory and criticism. |
|
| 999 |
_c56803 _d56803 |
||